[Event "8. Open Internacional Miquel Mas"]
[Site "Figueres ESP"]
[Date "2007.08.08"]
[Round "1.2"]
[White "Evdokimov, Alexander"]
[Black "Colls Gelaberto, Emilio"]
[Result "1-0"]
[WhiteElo "2544"]
[BlackElo "2194"]
[PlyCount "99"]
[EventDate "2007.08.08"]
[EventType "swiss"]
[EventRounds "9"]
[EventCountry "ESP"]
[Source "lmi"]
[SourceDate "2007.08.08"]

1. e4 c6 2. d4 d5 3. Nc3 dxe4 4. Nxe4 Nd7 5. Bd3 Ngf6 6. Ng5 e6 7. Qe2 Bd6 8.
N1f3 h6 9. Ne4 Nxe4 10. Qxe4 Nf6 11. Qe2 b6 12. Bd2 Qc7 13. c4 Bb7 14. Bc3
O-O-O 15. O-O-O c5 16. Kb1 Nh5 17. dxc5 Bxc5 18. g3 Nf6 19. Rhf1 Rxd3 20. Rxd3
Be4 21. Rfd1 Rd8 22. Qxe4 Nxe4 23. Rxd8+ Qxd8 24. Rxd8+ Kxd8 25. Bxg7 h5 26.
Ne5 Bxf2 27. Nxf7+ Ke8 28. Ne5 Bd4 29. Kc2 Ng5 30. a4 Bg1 31. Bh6 Nf7 32. Nxf7
Kxf7 33. h3 Kg6 34. Bf4 Kf5 35. Kd3 Bc5 36. Bb8 a6 37. Bf4 Be7 38. Be3 Bd8 39.
b4 Bc7 40. Bf2 Bd8 41. b5 axb5 42. axb5 Bc7 43. Ke3 e5 44. Bg1 Bd6 45. g4+ hxg4
46. hxg4+ Kxg4 47. Ke4 Bc7 48. Bh2 Bd8 49. Bxe5 Kg5 50. Bd4 1-0

[Event "8. Open Internacional Miquel Mas"]
[Site "Figueres ESP"]
[Date "2007.08.08"]
[Round "1.3"]
[White "Meera, Sai"]
[Black "Iljushin, Alexei"]
[Result "0-1"]
[WhiteElo "2191"]
[BlackElo "2520"]
[PlyCount "56"]
[EventDate "2007.08.08"]
[EventType "swiss"]
[EventRounds "9"]
[EventCountry "ESP"]
[Source "lmi"]
[SourceDate "2007.08.08"]

1. e4 c5 2. Nc3 Nc6 3. Nf3 e5 4. Bc4 d6 5. d3 Be7 6. O-O Nf6 7. Ng5 O-O 8. f4
h6 9. Nf3 exf4 10. Bxf4 Be6 11. Nd5 Bxd5 12. exd5 Nd4 13. Nxd4 cxd4 14. Bd2 Nd7
15. Qg4 Ne5 16. Qxd4 Bf6 17. Qe4 Nxc4 18. Qxc4 Qb6+ 19. Kh1 Rac8 20. Qg4 Rxc2
21. Bxh6 Qxb2 22. Rab1 Rf2 23. h4 Qxa2 24. Be3 Rxf1+ 25. Rxf1 Re8 26. Qd7 Rd8
27. Qg4 Kf8 28. Qf3 Ke8 0-1

[Event "8. Open Internacional Miquel Mas"]
[Site "Figueres ESP"]
[Date "2007.08.08"]
[Round "1.4"]
[White "Kasparov, Sergey"]
[Black "Lasinskas, Povilas"]
[Result "1/2-1/2"]
[WhiteElo "2500"]
[BlackElo "2183"]
[PlyCount "62"]
[EventDate "2007.08.08"]
[EventType "swiss"]
[EventRounds "9"]
[EventCountry "ESP"]
[Source "lmi"]
[SourceDate "2007.08.08"]

1. e4 e6 2. d4 d5 3. Nd2 Nc6 4. Ngf3 Nf6 5. e5 Nd7 6. Nb3 f6 7. exf6 Qxf6 8. c4
dxc4 9. Bxc4 Nb6 10. Bd3 Bd6 11. O-O O-O 12. Bg5 Qf7 13. Bh4 Qh5 14. Bg3 Bd7
15. Rc1 Rae8 16. Ne5 Qxd1 17. Rfxd1 Bxe5 18. Bxe5 Nxe5 19. dxe5 Ba4 20. Be4
Bxb3 21. axb3 c6 22. Rd6 Re7 23. g3 Kf7 24. Rcd1 g6 25. Kg2 Rc8 26. h4 Rec7 27.
h5 Kg7 28. Rh1 Rd7 29. h6+ Kf7 30. Rhd1 Rxd6 31. Rxd6 Ke7 1/2-1/2

[Event "8. Open Internacional Miquel Mas"]
[Site "Figueres ESP"]
[Date "2007.08.08"]
[Round "1.6"]
[White "Roeder, Mathias"]
[Black "Deschler, Fabrice"]
[Result "1/2-1/2"]
[WhiteElo "2444"]
[BlackElo "2151"]
[PlyCount "78"]
[EventDate "2007.08.08"]
[EventType "swiss"]
[EventRounds "9"]
[EventCountry "ESP"]
[Source "lmi"]
[SourceDate "2007.08.08"]

1. Nf3 Nf6 2. c4 b6 3. d4 e6 4. Nc3 Bb4 5. Bg5 c5 6. a3 Bxc3+ 7. bxc3 Bb7 8. e3
h6 9. Bh4 d6 10. Nd2 Nbd7 11. f3 d5 12. cxd5 exd5 13. Bd3 O-O 14. O-O Qc7 15.
Bg3 Qc8 16. Re1 Nh5 17. Bf2 f5 18. Qb1 g6 19. a4 Ba6 20. Bxa6 Qxa6 21. Qa2 Ndf6
22. dxc5 bxc5 23. c4 dxc4 24. Nxc4 Qe6 25. Ne5 Qxa2 26. Rxa2 g5 27. Rc2 Rac8
28. Rec1 Rfd8 29. h3 Rd5 30. Nc4 Rb8 31. g4 Ng7 32. Kg2 Rb3 33. Na5 Ra3 34. Nc6
Kh7 35. Ne7 Re5 36. Nxf5 Nxf5 37. gxf5 Rxf5 38. Rxc5 Rxc5 39. Rxc5 Rxa4 1/2-1/2

[Event "8. Open Internacional Miquel Mas"]
[Site "Figueres ESP"]
[Date "2007.08.08"]
[Round "1.7"]
[White "Martinez Asensio, Juan Miguel"]
[Black "Granados Gomez, Manuel"]
[Result "1-0"]
[WhiteElo "2138"]
[BlackElo "2417"]
[PlyCount "74"]
[EventDate "2007.08.08"]
[EventType "swiss"]
[EventRounds "9"]
[EventCountry "ESP"]
[Source "lmi"]
[SourceDate "2007.08.08"]

1. d4 d5 2. c4 c6 3. Nf3 Nf6 4. e3 Bf5 5. cxd5 cxd5 6. Qb3 Bc8 7. Bb5+ Nbd7 8.
Ne5 e6 9. Bd2 Be7 10. Bb4 O-O 11. Bxe7 Qxe7 12. Bxd7 Nxd7 13. Nxd7 Bxd7 14. Nd2
Rfc8 15. O-O Rc7 16. Rfc1 Rac8 17. Rxc7 Rxc7 18. Qd1 f6 19. Rc1 Bc6 20. Qc2 e5
21. Qc3 Rc8 22. Nb3 b6 23. Qd2 e4 24. a3 f5 25. Rc3 Bd7 26. Nc1 Rf8 27. Qc2 Rf6
28. Ne2 h6 29. Qc1 Kh7 30. b4 a6 31. Nf4 Qe8 32. Kf1 Bb5+ 33. Ke1 Bc4 34. Kd2
g5 35. Nh3 Qh5 36. Qd1 Qh4 37. Qe1 Qg4 1-0

[Event "8. Open Internacional Miquel Mas"]
[Site "Figueres ESP"]
[Date "2007.08.08"]
[Round "1.16"]
[White "Ramiro Ovejero, Juan Luis"]
[Black "Alonso Jimenez, Joan"]
[Result "1-0"]
[WhiteElo "2329"]
[BlackElo "2060"]
[PlyCount "59"]
[EventDate "2007.08.08"]
[EventType "swiss"]
[EventRounds "9"]
[EventCountry "ESP"]
[Source "lmi"]
[SourceDate "2007.08.08"]

1. e4 e5 2. Nf3 Nf6 3. Nc3 Nc6 4. d4 exd4 5. Nxd4 Nxe4 6. Nxe4 Qe7 7. f3 d5 8.
Bb5 Bd7 9. O-O dxe4 10. Bxc6 bxc6 11. Re1 O-O-O 12. Qe2 Qb4 13. c3 exf3 14.
Qxf3 Qc4 15. Bg5 f6 16. Be3 h5 17. b3 Qd5 18. Qe2 c5 19. Nb5 Kb7 20. Na3 Bd6
21. Nc4 Rhe8 22. Rad1 Qe6 23. Qxh5 Qf5 24. Qe2 Bc6 25. b4 Be4 26. Rd2 g5 27.
Nxd6+ Rxd6 28. Qb5+ Rb6 29. Qxe8 Bc6 30. Qh5 1-0

[Event "8. Open Internacional Miquel Mas"]
[Site "Figueres ESP"]
[Date "2007.08.08"]
[Round "1.21"]
[White "Carramiñana Lopez, Luis Antonio"]
[Black "Gavilan Diaz, Mario"]
[Result "0-1"]
[WhiteElo "2039"]
[BlackElo "2269"]
[PlyCount "26"]
[EventDate "2007.08.08"]
[EventType "swiss"]
[EventRounds "9"]
[EventCountry "ESP"]
[Source "lmi"]
[SourceDate "2007.08.08"]

1. e4 e5 2. Nf3 Nc6 3. Bc4 Bc5 4. d3 Nf6 5. Nc3 d6 6. Bg5 h6 7. Bxf6 Qxf6 8.
Nd5 Qg6 9. Nxc7+ Kd8 10. Nh4 Qf6 11. Nf5 Kxc7 12. Ne3 Be6 13. Bb5 Rhd8 0-1

[Event "8. Open Internacional Miquel Mas"]
[Site "Figueres ESP"]
[Date "2007.08.08"]
[Round "1.27"]
[White "Noguera Calvet, Alvar"]
[Black "Cusido Rodriguez, Juan"]
[Result "1-0"]
[WhiteElo "1919"]
[BlackElo "1982"]
[PlyCount "55"]
[EventDate "2007.08.08"]
[EventType "swiss"]
[EventRounds "9"]
[EventCountry "ESP"]
[Source "lmi"]
[SourceDate "2007.08.08"]

1. d4 e6 2. e4 d5 3. exd5 exd5 4. Bd3 Nc6 5. c3 Bd6 6. Ne2 Nge7 7. O-O Bf5 8.
Ng3 Bxd3 9. Qxd3 Qd7 10. b4 h5 11. Re1 O-O-O 12. a4 h4 13. Nf1 Rdg8 14. Na3 Ng6
15. Nc2 Nf4 16. Bxf4 Bxf4 17. Nce3 Rh5 18. a5 Ne7 19. b5 g5 20. b6 a6 21. Ng4
Rg6 22. Ne5 Bxe5 23. Rxe5 Nc6 24. Re2 Re6 25. Ne3 Re4 26. bxc7 g4 27. Nxd5 Rxe2
28. Nb6+ 1-0

[Event "8. Open Internacional Miquel Mas"]
[Site "Figueres ESP"]
[Date "2007.08.09"]
[Round "2.1"]
[White "Llaneza Vega, Patricia"]
[Black "Solodovnichenko, Yuri"]
[Result "1/2-1/2"]
[WhiteElo "2298"]
[BlackElo "2582"]
[PlyCount "87"]
[EventDate "2007.08.08"]
[EventType "swiss"]
[EventRounds "9"]
[EventCountry "ESP"]
[Source "lmi"]
[SourceDate "2007.08.08"]

1. e4 c5 2. Nf3 e6 3. d4 cxd4 4. Nxd4 Nf6 5. Nc3 d6 6. g4 h6 7. Bg2 Nc6 8. h3
Bd7 9. f4 d5 10. e5 Ne4 11. Nxe4 dxe4 12. Be3 Qb6 13. Qd2 Qxb2 14. O-O Bb4 15.
Qf2 Nxd4 16. Bxd4 Bc3 17. Bc5 Qb5 18. Rab1 Qc6 19. Bxa7 O-O 20. Rfd1 Rfc8 21.
Qe3 Qa4 22. Bb6 Qxa2 23. Bxe4 Bc6 24. Bd3 Kh8 25. Rb3 Bd5 26. Rbb1 Ra3 27. Bc5
Ra4 28. Kh2 Bb2 29. Kg3 Bc6 30. Bb6 Rg8 31. h4 f6 32. Bc7 Qd5 33. Qe2 Bd4 34.
Bd6 Be3 35. c4 Qd4 36. Rf1 Qa7 37. Rb2 Bc5 38. Bxc5 Qxc5 39. exf6 gxf6 40. Qxe6
Qd4 41. Qf5 Rg7 42. Qc8+ Rg8 43. Qf5 Rg7 44. Qc8+ 1/2-1/2

[Event "8. Open Internacional Miquel Mas"]
[Site "Figueres ESP"]
[Date "2007.08.09"]
[Round "2.2"]
[White "Ramaswamy, Aarthie"]
[Black "Evdokimov, Alexander"]
[Result "1/2-1/2"]
[WhiteElo "2281"]
[BlackElo "2544"]
[PlyCount "64"]
[EventDate "2007.08.08"]
[EventType "swiss"]
[EventRounds "9"]
[EventCountry "ESP"]
[Source "lmi"]
[SourceDate "2007.08.08"]

1. e4 c5 2. Nf3 d6 3. d4 cxd4 4. Nxd4 Nf6 5. Nc3 Nc6 6. Bg5 e6 7. Qd2 Be7 8.
O-O-O O-O 9. f3 a6 10. h4 Nxd4 11. Qxd4 Qa5 12. Kb1 b5 13. Qd2 Kh8 14. Bd3 Bb7
15. g4 Rfd8 16. Qf2 Qc7 17. Be3 Nd7 18. g5 b4 19. Ne2 d5 20. h5 Rac8 21. g6 Ne5
22. Nf4 dxe4 23. fxe4 Ng4 24. gxf7 h6 25. Qe2 Nxe3 26. Qxe3 Bc5 27. Ng6+ Kh7
28. Qf3 a5 29. e5 Bxf3 30. Nf8+ Kh8 31. Ng6+ Kh7 32. Nf8+ Kh8 1/2-1/2

[Event "8. Open Internacional Miquel Mas"]
[Site "Figueres ESP"]
[Date "2007.08.09"]
[Round "2.3"]
[White "Iljushin, Alexei"]
[Black "Alonso Rosell, Alvar"]
[Result "1-0"]
[WhiteElo "2520"]
[BlackElo "2285"]
[PlyCount "62"]
[EventDate "2007.08.08"]
[EventType "swiss"]
[EventRounds "9"]
[EventCountry "ESP"]
[Source "lmi"]
[SourceDate "2007.08.08"]

1. d4 Nf6 2. c4 e5 3. dxe5 Ng4 4. Bf4 Nc6 5. Nf3 Bb4+ 6. Nbd2 Qe7 7. e3 Ngxe5
8. Nxe5 Nxe5 9. a3 Bxd2+ 10. Qxd2 d6 11. Be2 Bd7 12. Qc3 Bc6 13. f3 Ng6 14.
Qxg7 O-O-O 15. Qd4 Rhe8 16. Bh6 Nh4 17. Kf2 Rg8 18. g3 Nf5 19. Qf4 Qe6 20. Bg5
f6 21. Bh4 Rde8 22. Bd3 Nxh4 23. gxh4 Qe7 24. Rag1 Rxg1 25. Rxg1 Kb8 26. h5 f5
27. b4 Qf6 28. b5 Bd7 29. h6 Qb2+ 30. Be2 Qxa3 31. Rg7 Bc8 1-0

[Event "8. Open Internacional Miquel Mas"]
[Site "Figueres ESP"]
[Date "2007.08.09"]
[Round "2.4"]
[White "Granados Gomez, Manuel"]
[Black "Macet, Julien"]
[Result "1-0"]
[WhiteElo "2417"]
[BlackElo "2268"]
[PlyCount "73"]
[EventDate "2007.08.08"]
[EventType "swiss"]
[EventRounds "9"]
[EventCountry "ESP"]
[Source "lmi"]
[SourceDate "2007.08.08"]

1. d4 Nf6 2. Nf3 g6 3. c3 Bg7 4. Bg5 O-O 5. Nbd2 d5 6. e3 b6 7. Be2 Bb7 8. h3
Nbd7 9. O-O Ne4 10. Nxe4 dxe4 11. Nd2 h6 12. Bh4 Qe8 13. a4 e5 14. Nc4 a5 15.
g4 Qe6 16. Na3 Rfc8 17. Bc4 Bd5 18. Qb3 Bxc4 19. Qxc4 Qxc4 20. Nxc4 exd4 21.
exd4 c5 22. d5 Ne5 23. Nxe5 Bxe5 24. f4 exf3 25. Rxf3 Re8 26. Rd1 g5 27. Bg3
Bxg3 28. Rxg3 Re4 29. Rf3 Kg7 30. Rdf1 Ra7 31. Rf6 Rb7 32. Rc6 Rxa4 33. d6 Re4
34. Rd1 Re8 35. Kf2 Rd8 36. Ke3 Kf6 37. Ke4 1-0

[Event "8. Open Internacional Miquel Mas"]
[Site "Figueres ESP"]
[Date "2007.08.09"]
[Round "2.5"]
[White "Marholev, Dimitar"]
[Black "Mundet Riera, Jaume"]
[Result "1-0"]
[WhiteElo "2402"]
[BlackElo "2171"]
[PlyCount "65"]
[EventDate "2007.08.08"]
[EventType "swiss"]
[EventRounds "9"]
[EventCountry "ESP"]
[Source "lmi"]
[SourceDate "2007.08.08"]

1. e4 d6 2. d4 Nf6 3. Nc3 e5 4. Nge2 Nc6 5. f3 Be7 6. d5 Nb8 7. Be3 c6 8. Qd2
cxd5 9. exd5 a6 10. g4 Bxg4 11. fxg4 Nxg4 12. Rg1 Bh4+ 13. Kd1 Nxh2 14. Bg2 f5
15. Rh1 Ng4 16. Bf3 Nxe3+ 17. Qxe3 O-O 18. Bg2 Bg5 19. Qg1 Nd7 20. Bh3 Nc5 21.
b4 Nd7 22. Ne4 fxe4 23. Be6+ Kh8 24. Bxd7 Qxd7 25. Qxg5 Qb5 26. Qd2 Rf2 27. Qe3
Qxd5+ 28. Kc1 Raf8 29. Nc3 Qc4 30. Qxe4 Qxe4 31. Nxe4 Re2 32. Nc3 Rg2 33. Ne4
1-0

[Event "8. Open Internacional Miquel Mas"]
[Site "Figueres ESP"]
[Date "2007.08.09"]
[Round "2.9"]
[White "Mohota, Nisha"]
[Black "Casanova, Romain"]
[Result "1-0"]
[WhiteElo "2332"]
[BlackElo "2040"]
[PlyCount "41"]
[EventDate "2007.08.08"]
[EventType "swiss"]
[EventRounds "9"]
[EventCountry "ESP"]
[Source "lmi"]
[SourceDate "2007.08.08"]

1. d4 g6 2. c4 Bg7 3. e4 c5 4. d5 e6 5. Nf3 exd5 6. exd5 Nf6 7. Be2 O-O 8. Nc3
d6 9. h3 Re8 10. O-O a6 11. Bd3 Nfd7 12. Bg5 Qc7 13. Qd2 Ne5 14. Nxe5 Bxe5 15.
Rae1 Nd7 16. f4 Bd4+ 17. Kh1 Nf6 18. Ne2 Be3 19. Qc3 Ne4 20. Bxe4 Rxe4 21. Qf6
1-0

[Event "8. Open Internacional Miquel Mas"]
[Site "Figueres ESP"]
[Date "2007.08.09"]
[Round "2.11"]
[White "Deschler, Fabrice"]
[Black "Kasparov, Sergey"]
[Result "0-1"]
[WhiteElo "2151"]
[BlackElo "2500"]
[PlyCount "47"]
[EventDate "2007.08.08"]
[EventType "swiss"]
[EventRounds "9"]
[EventCountry "ESP"]
[Source "lmi"]
[SourceDate "2007.08.08"]

1. d4 Nf6 2. c4 c5 3. d5 b5 4. cxb5 a6 5. b6 d6 6. Nc3 Nbd7 7. a4 Qxb6 8. e4 g6
9. Nf3 Bg7 10. Be2 O-O 11. Nd2 Qd8 12. Nc4 Nb6 13. Ne3 Rb8 14. O-O Ne8 15. a5
Nd7 16. Nc4 Nc7 17. Bg5 Nb5 18. Qd2 Nf6 19. f3 Nd4 20. Ra3 Rb3 21. Qd1 Rxa3 22.
bxa3 Re8 23. Nb6 Bb7 24. Nca4 0-1

[Event "8. Open Internacional Miquel Mas"]
[Site "Figueres ESP"]
[Date "2007.08.09"]
[Round "2.21"]
[White "Falgueras Marti, Carles"]
[Black "Carramiñana Lopez, Luis Antonio"]
[Result "1/2-1/2"]
[WhiteElo "2095"]
[BlackElo "2039"]
[PlyCount "38"]
[EventDate "2007.08.08"]
[EventType "swiss"]
[EventRounds "9"]
[EventCountry "ESP"]
[Source "lmi"]
[SourceDate "2007.08.08"]

1. e4 c5 2. Nf3 e6 3. c3 Nc6 4. d4 d5 5. e5 Qb6 6. a3 Nge7 7. b4 cxd4 8. cxd4
Nf5 9. Be3 Be7 10. Be2 Nxe3 11. fxe3 O-O 12. O-O f6 13. exf6 Bxf6 14. Nc3 Ne7
15. Qd3 Bd7 16. g4 g6 17. Rf2 Rac8 18. Raf1 Qc7 19. Rc1 a6 1/2-1/2

[Event "8. Open Internacional Miquel Mas"]
[Site "Figueres ESP"]
[Date "2007.08.10"]
[Round "3.1"]
[White "Sanchez Mayor, Jose"]
[Black "Iljushin, Alexei"]
[Result "0-1"]
[WhiteElo "1963"]
[BlackElo "2520"]
[PlyCount "78"]
[EventDate "2007.08.08"]
[EventType "swiss"]
[EventRounds "9"]
[EventCountry "ESP"]
[Source "lmi"]
[SourceDate "2007.08.08"]

1. d4 d5 2. Nf3 c6 3. e3 Bf5 4. Bd3 Bg6 5. Bxg6 hxg6 6. Qd3 e6 7. b3 Nd7 8. Bb2
Bd6 9. Nbd2 f5 10. h4 Ngf6 11. Ng5 e5 12. dxe5 Nxe5 13. Qe2 Qe7 14. g3 a5 15.
a4 Neg4 16. Ndf3 Ne4 17. Nxe4 fxe4 18. Ng5 Ne5 19. Rd1 O-O 20. Bxe5 Bxe5 21.
Qg4 Rae8 22. h5 Rf5 23. Nh3 Rxh5 24. Qxg6 Rh6 25. Qg4 Rf8 26. Ke2 Qc5 27. Nf4
Bxf4 28. gxf4 Rxh1 29. Qe6+ Rf7 30. Qe8+ Qf8 31. Qxf8+ Kxf8 32. Rxh1 Ke7 33.
Rh5 Kd6 34. Kd2 Kc5 35. Kc3 b6 36. Rh8 g5 37. fxg5 Rxf2 38. g6 Rg2 39. Rg8 Re2
0-1

[Event "8. Open Internacional Miquel Mas"]
[Site "Figueres ESP"]
[Date "2007.08.10"]
[Round "3.2"]
[White "Sabria Batlle, Pol"]
[Black "Granados Gomez, Manuel"]
[Result "0-1"]
[WhiteElo "1951"]
[BlackElo "2417"]
[PlyCount "78"]
[EventDate "2007.08.08"]
[EventType "swiss"]
[EventRounds "9"]
[EventCountry "ESP"]
[Source "lmi"]
[SourceDate "2007.08.08"]

1. d4 Nf6 2. c4 c5 3. d5 e5 4. Nc3 d6 5. e4 Be7 6. f3 O-O 7. Be3 Na6 8. Bd3 Ne8
9. Nge2 Bg5 10. Qd2 Bxe3 11. Qxe3 Nac7 12. g4 Qh4+ 13. Qf2 Qxf2+ 14. Kxf2 Bd7
15. Nd1 b5 16. cxb5 Nxb5 17. Bxb5 Bxb5 18. Nec3 Ba6 19. Ne3 Rb8 20. b3 g6 21.
Rab1 Ng7 22. Nc4 Rbd8 23. Ke3 f5 24. gxf5 gxf5 25. Rhg1 Kh8 26. Rg5 Rf7 27.
Rbg1 Bxc4 28. bxc4 a6 29. Rb1 fxe4 30. fxe4 Rdf8 31. h4 Rf3+ 32. Kd2 Rf2+ 33.
Ne2 Rh2 34. Rb7 Rg8 35. Ke3 Rxh4 36. Ng3 Rh2 37. Kf3 Rxa2 38. Nh5 Rf8+ 39. Ke3
Raf2 0-1

[Event "8. Open Internacional Miquel Mas"]
[Site "Figueres ESP"]
[Date "2007.08.10"]
[Round "3.3"]
[White "Anton, Gregory"]
[Black "Marholev, Dimitar"]
[Result "0-1"]
[WhiteElo "1927"]
[BlackElo "2402"]
[PlyCount "98"]
[EventDate "2007.08.08"]
[EventType "swiss"]
[EventRounds "9"]
[EventCountry "ESP"]
[Source "lmi"]
[SourceDate "2007.08.08"]

1. e4 e5 2. Nf3 Nc6 3. Bc4 Nf6 4. Ng5 d5 5. exd5 Na5 6. Bb5+ Bd7 7. Bxd7+ Qxd7
8. O-O h6 9. Nf3 e4 10. Ne5 Qxd5 11. d4 Nc6 12. Nxc6 Qxc6 13. c3 O-O-O 14. Be3
Bd6 15. Nd2 h5 16. Qb3 Bxh2+ 17. Kxh2 Ng4+ 18. Kg1 Qd6 19. g3 Nxe3 20. Rfe1 Ng4
21. Nxe4 Qg6 22. Rad1 h4 23. c4 hxg3 24. Qxg3 Qh5 25. Kg2 f5 26. Rh1 Qf7 27.
Nd2 Rxh1 28. Rxh1 Rxd4 29. Rh8+ Rd8 30. Qh4 Qf6 31. Qxf6 Nxf6 32. Rxd8+ Kxd8
33. f3 c5 34. b3 Ke7 35. Kf2 Ke6 36. Ke3 g5 37. Nb1 Ke5 38. Nd2 f4+ 39. Kd3 Kf5
40. Ke2 g4 41. fxg4+ Nxg4 42. Nb1 Ne5 43. Nc3 Kg4 44. Ne4 b6 45. Nc3 Kg3 46.
Kf1 f3 47. Ne4+ Kf4 48. Nc3 Ng4 49. Nd5+ Kg3 0-1

[Event "8. Open Internacional Miquel Mas"]
[Site "Figueres ESP"]
[Date "2007.08.10"]
[Round "3.4"]
[White "Bergez, Luc"]
[Black "Diaz Comas, Jordi"]
[Result "1-0"]
[WhiteElo "2373"]
[BlackElo "1891"]
[PlyCount "139"]
[EventDate "2007.08.08"]
[EventType "swiss"]
[EventRounds "9"]
[EventCountry "ESP"]
[Source "lmi"]
[SourceDate "2007.08.08"]

1. e4 Nf6 2. Nc3 d5 3. exd5 Nxd5 4. Bc4 c6 5. Qf3 e6 6. Nge2 Be7 7. Ne4 Nd7 8.
d4 b5 9. Bb3 N7b6 10. Qg3 g6 11. h4 h6 12. c3 Qc7 13. Nf4 Bd7 14. Qf3 e5 15.
Nxd5 Nxd5 16. Bxd5 cxd5 17. Nf6+ Kf8 18. Nxd7+ Qxd7 19. dxe5 Re8 20. Be3 b4 21.
h5 g5 22. O-O bxc3 23. bxc3 a6 24. Rfd1 Rd8 25. Bb6 Rc8 26. Rxd5 Qc6 27. Bd4
Qe6 28. Ra5 Kg7 29. Rb1 Rc6 30. Rb7 Rhc8 31. Rxe7 Qxe7 32. Qf6+ Qxf6 33. exf6+
Kf8 34. Kh2 Rb8 35. Rd5 Ke8 36. a4 Rd8 37. Ra5 Rdd6 38. Kg3 Kd7 39. f4 gxf4+
40. Kxf4 Rc4 41. g4 Rxf6+ 42. Ke5 Re6+ 43. Kf5 Rcc6 44. Rd5+ Ke8 45. Be5 Ke7
46. Bg7 Rc4 47. a5 Rcc6 48. Be5 Kf8 49. c4 Ke7 50. c5 Ke8 51. Bd6 Re2 52. Kf6
Re6+ 53. Kg7 Rc8 54. Rf5 Re4 55. Bf4 Rc6 56. Rxf7 Rxc5 57. Rf6 Rxa5 58. Kxh6
Raa4 59. Kg5 Ra5+ 60. Kh4 Raa4 61. Kg5 Ra5+ 62. Rf5 Rxf5+ 63. Kxf5 Re1 64. Kg6
Re6+ 65. Kf5 Re7 66. h6 Kf7 67. g5 a5 68. h7 Kg7 69. g6 a4 70. Bg5 1-0

[Event "8. Open Internacional Miquel Mas"]
[Site "Figueres ESP"]
[Date "2007.08.10"]
[Round "3.5"]
[White "Perez Lopez, Alfonso"]
[Black "Guerra Bastida, Diego"]
[Result "0-1"]
[WhiteElo "1917"]
[BlackElo "2370"]
[PlyCount "40"]
[EventDate "2007.08.08"]
[EventType "swiss"]
[EventRounds "9"]
[EventCountry "ESP"]
[Source "lmi"]
[SourceDate "2007.08.08"]

1. c4 c5 2. Nc3 Nf6 3. g3 e6 4. Bg2 d5 5. cxd5 exd5 6. d4 cxd4 7. Qxd4 Nc6 8.
Qa4 d4 9. Ne4 Nxe4 10. Bxe4 Bb4+ 11. Bd2 Bxd2+ 12. Kxd2 O-O 13. Nf3 Qf6 14. Qb5
Re8 15. Bxc6 bxc6 16. Qg5 Qd6 17. Qa5 Bg4 18. Rhe1 d3 19. Qa3 Qh6+ 20. Kd1 Rad8
0-1

[Event "8. Open Internacional Miquel Mas"]
[Site "Figueres ESP"]
[Date "2007.08.10"]
[Round "3.15"]
[White "Lebouchard, Charles"]
[Black "Llaneza Vega, Patricia"]
[Result "0-1"]
[WhiteElo "1956"]
[BlackElo "2298"]
[PlyCount "76"]
[EventDate "2007.08.08"]
[EventType "swiss"]
[EventRounds "9"]
[EventCountry "ESP"]
[Source "lmi"]
[SourceDate "2007.08.08"]

1. d4 Nf6 2. c4 g6 3. Nf3 Bg7 4. g3 O-O 5. Bg2 d6 6. O-O c6 7. Nc3 Qb6 8. b3 e5
9. dxe5 dxe5 10. Be3 Qc7 11. Bc5 Rd8 12. Qc2 Na6 13. Ba3 h6 14. Nd2 Bf5 15.
Nde4 Nxe4 16. Nxe4 Qa5 17. Bb2 Nc5 18. Bc3 Qc7 19. b4 Ne6 20. c5 Nd4 21. Qb2 b6
22. e3 Nb5 23. Nd6 Nxc3 24. Nxf5 gxf5 25. cxb6 axb6 26. Qxc3 e4 27. Qc2 Bxa1
28. Rxa1 Qe5 29. Rc1 Qd5 30. a4 Rd6 31. Bf1 Qd2 32. Qxd2 Rxd2 33. Rxc6 Rxa4 34.
Bc4 Rxb4 35. Rc8+ Kg7 36. Rc7 Rb1+ 37. Kg2 Rbb2 38. Rxf7+ Kg6 0-1

[Event "8. Open Internacional Miquel Mas"]
[Site "Figueres ESP"]
[Date "2007.08.11"]
[Round "4.1"]
[White "Iljushin, Alexei"]
[Black "Bergez, Luc"]
[Result "1-0"]
[WhiteElo "2520"]
[BlackElo "2373"]
[PlyCount "99"]
[EventDate "2007.08.08"]
[EventType "swiss"]
[EventRounds "9"]
[EventCountry "ESP"]
[Source "lmi"]
[SourceDate "2007.08.08"]

1. d4 c5 2. d5 e5 3. c4 d6 4. e4 g6 5. Nc3 Bg7 6. g3 Ne7 7. Bg2 O-O 8. Nge2 f5
9. O-O Nd7 10. f4 exf4 11. Nxf4 Ne5 12. Ne6 Bxe6 13. dxe6 Nxc4 14. exf5 gxf5
15. Nd5 Nb6 16. Bg5 Nbxd5 17. Bxd5 Qc7 18. Bxe7 Qxe7 19. Qc2 Kh8 20. Kh1 Qg5
21. Rae1 Rae8 22. Bxb7 Rf6 23. Bd5 f4 24. Qd2 Rh6 25. Re2 Bd4 26. Bb3 Qxg3 27.
Qxf4 Qxf4 28. Rxf4 Rf6 29. Rxf6 Bxf6 30. Kg2 Kg7 31. Kf3 Kf8 32. Re4 d5 33.
Bxd5 Rd8 34. Bc4 Rd4 35. b3 Rd2 36. a4 Rxh2 37. Rf4 Ke7 38. Rf5 Rh3+ 39. Kg2
Rh6 40. Rxc5 Rg6+ 41. Kf3 Rg7 42. a5 Kd6 43. Rf5 Be7 44. Kf4 h6 45. Rb5 Kc6 46.
a6 Bd6+ 47. Kf3 Rg3+ 48. Kf2 Rg5 49. Rb7 Bc7 50. Bb5+ 1-0

[Event "8. Open Internacional Miquel Mas"]
[Site "Figueres ESP"]
[Date "2007.08.11"]
[Round "4.3"]
[White "Marholev, Dimitar"]
[Black "Blanco Esquena, Ramon"]
[Result "1-0"]
[WhiteElo "2402"]
[BlackElo "1966"]
[PlyCount "75"]
[EventDate "2007.08.08"]
[EventType "swiss"]
[EventRounds "9"]
[EventCountry "ESP"]
[Source "lmi"]
[SourceDate "2007.08.08"]

1. e4 c5 2. Nf3 d6 3. d4 cxd4 4. Nxd4 Nf6 5. Nc3 a6 6. Bc4 e6 7. Bb3 Be7 8. g4
Nc6 9. g5 Nxd4 10. Qxd4 e5 11. Qd1 Nd7 12. Rg1 Nc5 13. Bd5 Ne6 14. h4 Qb6 15.
a4 Rb8 16. a5 Qd4 17. Qf3 b5 18. Be3 Qb4 19. Ba7 Rb7 20. Bc6+ Kf8 21. Bxb7 Bxb7
22. O-O-O Qxa5 23. Kb1 Nf4 24. Be3 b4 25. Nd5 Nxd5 26. exd5 g6 27. h5 Bc8 28.
hxg6 hxg6 29. Rh1 Rg8 30. Qe4 Bf5 31. Qc4 Ke8 32. Bd2 Qb6 33. Bxb4 Bxg5 34.
Qc6+ Qxc6 35. dxc6 Be4 36. Rhe1 f5 37. Rxd6 Be7 38. Re6 1-0